| 000 | 00819nam a22001817a 4500 | ||
|---|---|---|---|
| 999 |
_c59159 _d59159 |
||
| 003 | Ge_BSU | ||
| 005 | 20221201123813.0 | ||
| 008 | 221201s1979ge xxu||||| |||| 00| 0 geo d | ||
| 041 | _ageo | ||
| 080 | _a821.353.1-32 კ-12 | ||
| 100 |
_aკლდიაშვილი, დავით, 1862-1931. _916277 |
||
| 245 |
_aსამანიშვილის დედინაცვალი : _bმოთხრობა / _c დავით კლდიაშვილი, მხატვ : მ. თავაძე |
||
| 264 |
_aთბილისი : _bნაკადული, _c 1979. |
||
| 300 |
_a134გვ. : _bილ. ; _c17 სმ. |
||
| 653 | _aსამანიშვილის დედინაცვალი | ||
| 700 |
_aთავაძე, მ _eმხატვარი _912202 |
||
| 942 |
_2udc _cBK |
||